书目信息 |
| 题名: |
十万个为什么
|
|
| 作者: | 韩启德 总主编 ;王越 , 黄培康 , 俞大光 主编 | |
| 分册: | 武器与国防 | |
| 出版信息: | 上海 少年儿童出版社 2016.01 |
|
| 页数: | 201页 | |
| 开本: | 26cm | |
| 丛书名: | ||
| 单 册: | ||
| 中图分类: | Z228 | |
| 科图分类: | ||
| 主题词: | 科学知识--青少年读物 , 武器--青少年读物 , 国防--青少年读物 | |
| 电子资源: | ||
| ISBN: | 978-7-5324-9812-3 | |
| 000 | 00989nam0 2200301 450 | |
| 001 | 0100004219 | |
| 005 | 20170411092120.81 | |
| 010 | @a978-7-5324-9812-3@dCNY35.00 | |
| 100 | @a20160120d2016 demy0chiy50 ea | |
| 101 | 0 | @achi |
| 102 | @aCN@b310000 | |
| 105 | @aa z 000yy | |
| 200 | 1 | @a十万个为什么@9shi wan ge wei shen me@i武器与国防@f韩启德总主编@g王越,黄培康,俞大光主编 |
| 205 | @a6版 | |
| 210 | @a上海@c少年儿童出版社@d2016.01 | |
| 215 | @a201页@c图@d26cm | |
| 304 | @a英文共同题名:100000 whys | |
| 330 | @a本书内容包括:历史上的武器与装备、陆军装备、海上力量、空中力量、制导武器、网络战与电子战、核生化武器等。 | |
| 606 | 0 | @a科学知识@j青少年读物 |
| 606 | 0 | @a武器@j青少年读物 |
| 606 | 0 | @a国防@j青少年读物 |
| 690 | @aZ228@v5 | |
| 701 | 0 | @a韩启德@9han qi de@4总主编 |
| 702 | 0 | @a王越@9wang yue@4主编 |
| 702 | 0 | @a黄培康@9huang pei kang@4主编 |
| 702 | 0 | @a俞大光@9yu da guang@4主编 |
| 801 | 0 | @aCN@c20160505 |
| 905 | @a河南城建学院图书馆@dZ228@eH0913 | |
| 十万个为什么.武器与国防/韩启德总主编/王越,黄培康,俞大光主编.-6版.-上海:少年儿童出版社,2016.01 |
| 201页:图;26cm |
| ISBN 978-7-5324-9812-3:CNY35.00 |
| 本书内容包括:历史上的武器与装备、陆军装备、海上力量、空中力量、制导武器、网络战与电子战、核生化武器等。 |
| ● |
| 相关链接 |
|
|
|
正题名:十万个为什么
索取号:Z228/H0913
 
预约/预借
| 序号 | 登录号 | 条形码 | 馆藏地/架位号 | 状态 | 备注 |
| 1 | 0511607 | 205116079 | 自科库501/501自科库 126排2列1层/ [索取号:Z228/H0913] | 在馆 | |
| 2 | 1251034 | 212510344 | 自科库501/501自科库 126排2列1层/ [索取号:Z228/H090-4] | 在馆 | |
| 3 | 1251035 | 212510353 | 自科库501/501自科库 126排2列1层/ [索取号:Z228/H090-4] |
已借出,限还日期为2024.09.20 借出人:曹阳飞 |